| Tag |
First Indicator |
Second Indicator |
Subfields |
| LEADER |
00000cam a2200000Ia 4500 |
| 001 |
in00002360880 |
| 005 |
20151109040558.0 |
| 008 |
070512s2007 enk b 001 0 eng d |
| 015 |
|
|
|a GBA826096
|2 bnb
|
| 016 |
7 |
|
|a 014478452
|2 Uk
|
| 020 |
|
|
|a 9781846311161
|
| 020 |
|
|
|a 1846311160
|
| 035 |
|
|
|a (OCoLC)ocn154689973
|
| 035 |
|
|
|a (OCoLC)154689973
|
| 040 |
|
|
|a BTCTA
|c BTCTA
|d BAKER
|d YDXCP
|d DGW
|d UKM
|d UtOrBLW
|
| 049 |
|
|
|a TXAM
|
| 050 |
|
4 |
|a PR502
|b .S65 2007
|
| 082 |
0 |
4 |
|a 821.9140803552
|2 22
|
| 100 |
1 |
|
|a Smith, Stan,
|d 1943-
|
| 245 |
1 |
0 |
|a Poetry and displacement /
|c Stan Smith.
|
| 264 |
|
1 |
|a Liverpool :
|b Liverpool University Press,
|c [2007]
|
| 264 |
|
4 |
|c ©2007
|
| 300 |
|
|
|a viii, 238 pages ;
|c 25 cm.
|
| 336 |
|
|
|a text
|b txt
|2 rdacontent
|
| 337 |
|
|
|a unmediated
|b n
|2 rdamedia
|
| 338 |
|
|
|a volume
|b nc
|2 rdacarrier
|
| 490 |
1 |
|
|a Poetry &
|
| 504 |
|
|
|a Includes bibliographical references and index.
|
| 650 |
|
0 |
|a English poetry
|x Criticism and interpretation.
|
| 650 |
|
0 |
|a Displacement (Psychology) in literature.
|
| 830 |
|
0 |
|a Poetry &--
|
| 938 |
|
|
|a Baker and Taylor
|b BTCP
|n BK0007226635
|
| 938 |
|
|
|a Baker & Taylor
|b BKTY
|c 49.95
|d 49.95
|i 1846311160
|n 0007226635
|s active
|
| 938 |
|
|
|a YBP Library Services
|b YANK
|n 2603238
|
| 945 |
|
|
|a PromptCat
|b 354457
|
| 946 |
|
|
|a stk
|
| 947 |
|
|
|a A14836833129
|
| 994 |
|
|
|a C0
|b TXA
|
| 948 |
|
|
|a cataloged
|b h
|c 2008/3/17
|d c
|e jlanham
|f 11:15:04 am
|
| 999 |
|
|
|a MARS
|
| 999 |
f |
f |
|s b6227bd7-1349-3ccf-bdb6-7ff2244b774f
|i 59997b4a-021e-33a2-b0e5-eb1d1b6add6f
|t 0
|
| 952 |
f |
f |
|p normal
|a Texas A&M University
|b College Station
|c Sterling C. Evans Library
|d Evans: Library Stacks
|t 0
|e PR502 .S65 2007
|h Library of Congress classification
|i unmediated -- volume
|m A14836833129
|
| 998 |
f |
f |
|a PR502 .S65 2007
|t 0
|l Evans: Library Stacks
|